POLICY of reforestation in Thailand
| Format: | Book |
|---|---|
| Published: |
(Bangkok :
s.l. ,
19_)
|
| Subjects: |
MARC
| LEADER | 00000cam a2200000 7i4500 | ||
|---|---|---|---|
| 001 | 0000001554 | ||
| 005 | 20010801.0 | ||
| 090 | 0 | 0 | |a 333.7515 |b POL (19 _) |
| 245 | 0 | 0 | |a POLICY of reforestation in Thailand |
| 260 | 0 | 0 | |a (Bangkok : |b s.l. , |c 19_) |
| 300 | |a 109 p. ; |c 28 cm. | ||
| 650 | 0 | 0 | |a Forest policy |z Thailand |
| 650 | 0 | 0 | |a Reforestation |z Thailand |
| 998 | |a JPSM | ||
| 999 | |a 0000003916 |b Monograph |c Open Shelf |e Default branch | ||